[Event "Goch op 23rd"]
[Site "Goch"]
[Date "2012.08.30"]
[Round "1"]
[White "Kutzner, Stephen"]
[Black "Matthecka, Juergen"]
[Result "1-0"]
[WhiteElo "2036"]
[BlackElo "1523"]
[PlyCount "43"]
[EventDate "2012.08.30"]
[EventType "swiss"]
[EventRounds "7"]
[EventCountry "GER"]
[SourceTitle "EXT 2015"]
[Source "ChessBase"]
[SourceDate "2014.11.20"]
[SourceVersion "1"]
[SourceVersionDate "2014.11.20"]
[SourceQuality "1"]

1. e4 e5 2. Nf3 Nc6 3. Bb5 d6 4. d4 Bd7 5. Nc3 Nf6 6. Bg5 Be7 7. Qd2 h6 8. Be3 exd4 9. Nxd4 Nxd4 10. Bxd7+ Qxd7 11. Bxd4 a6 12. 0-0-0 0-0-0 13. Kb1 Rhg8 14. f3 Qc6 15. Bf2 Rd7 16. Qd4 b6 17. h4 Nh5 18. Nd5 Bf6 19. Qd3 Qb5 20. Qxb5 axb5 21. g4 c6 22. Nxb6+ 1-0